000 00353 a2200145 4500
001 180777
020 _a
040 _cMagnum
100 _aRios, Rosana
240 1 0 _aO monstro monstruoso da caverna monstruosa
_lpor
245 1 0 _aO monstro monstruoso da caverna monstruosa
362 0 _a1899
697 _aMAGNITO: IJ/FADAS, FANTASIA
942 _cBK
999 _c180777
_d180777